Report of the Committee on Classification of Paddy/Rice, 1976 (Record no. 489917)

000 -LEADER
fixed length control field 00627cam a22001457a 4500
008 - FIXED-LENGTH DATA ELEMENTS--GENERAL INFORMATION
fixed length control field 180718b1979 xxu||||| |||| 00| 0 eng d
082 ## - DEWEY DECIMAL CLASSIFICATION NUMBER
Classification number Z2318x54 In2/1973
100 ## - MAIN ENTRY--PERSONAL NAME
Personal name India. Committee on Classification of Paddy/Rice
245 ## - TITLE STATEMENT
Title Report of the Committee on Classification of Paddy/Rice, 1976
Statement of responsibility, etc. by Department of Food, Ministry of Agriculture and Irrigation
260 ## - PUBLICATION, DISTRIBUTION, ETC.
Place of publication, distribution, etc. New Delhi
Name of publisher, distributor, etc. Department of Food, Ministry of Agriculture and Irrigation
Date of publication, distribution, etc. 1979
300 ## - PHYSICAL DESCRIPTION
Extent 54+p.
500 ## - GENERAL NOTE
General note Chairman: A.K. Majumdar
700 ## - ADDED ENTRY--PERSONAL NAME
Personal name India. Ministry of Agriculture and Irrigation. Department of Food
700 ## - ADDED ENTRY--PERSONAL NAME
Personal name Majumdar, A.K. (Chairman)
Holdings
Withdrawn status Lost status Damaged status Not for loan Permanent Location Current Location Date acquired Full call number Barcode Date last seen Price effective from Koha item type
        Indian Institute of Public Administration Indian Institute of Public Administration 2018-08-04 Z2318x54 In2/1973 GG21620 2018-08-04 2018-08-04 GG
        Indian Institute of Public Administration Indian Institute of Public Administration 2018-08-04 Z2318x54 In2/1973 GG21619 2018-08-04 2018-08-04 GG

Powered by Koha